Impacts du casier judiciaire chez l'immigrant et l'étranger: criminels à vie (!?)

Guardado en:  
Detalles Bibliográficos
Autor principal: Lomami, Shomba (Autor)
Tipo de documento: Print Libro
Lenguaje:Francés
Publicado: Paris L'Harmattan [2022]
En:Año: 2022
Acceso en línea: Índice
Verificar disponibilidad: HBZ Gateway
Servicio de pedido Subito: Pedir ahora.
Palabras clave:

MARC

LEADER 00000cam a2200000 c 4500
001 183811887X
003 DE-627
005 20230522225016.0
007 tu
008 230303s2022 fr ||||| 00| ||fre c
020 |a 9782140271434  |c br : 26 EUR  |9 978-2-14-027143-4 
024 3 |a 9782140271434 
035 |a (DE-627)183811887X 
035 |a (DE-599)KXP183811887X 
040 |a DE-627  |b ger  |c DE-627  |e rda 
041 |a fre 
044 |c XA-FR 
100 1 |a Lomami, Shomba  |e VerfasserIn  |4 aut 
245 1 0 |a Impacts du casier judiciaire chez l'immigrant et l'étranger  |b criminels à vie (!?)  |c Shomba Lomani ; préface de Benoît Awazi Mbambi Kungua 
264 1 |a Paris  |b L'Harmattan  |c [2022] 
300 |a 264 Seiten 
336 |a Text  |b txt  |2 rdacontent 
337 |a ohne Hilfsmittel zu benutzen  |b n  |2 rdamedia 
338 |a Band  |b nc  |2 rdacarrier 
490 0 |a Sciences criminelles 
650 4 |a Immigrés - Canada 
650 4 |a Étrangers (droit) - Canada 
650 4 |a Casiers judiciaires - Canada 
856 4 2 |u https://swbplus.bsz-bw.de/bsz183811887Xinh.htm  |m V:DE-576  |m B:DE-Frei85  |v 20230522193204  |3 Inhaltsverzeichnis  |7 1 
935 |a mkri 
951 |a BO 
ELC |b 1 
LOK |0 000 xxxxxcx a22 zn 4500 
LOK |0 001 4283189324 
LOK |0 003 DE-627 
LOK |0 004 183811887X 
LOK |0 005 20230512152147 
LOK |0 008 230303||||||||||||||||ger||||||| 
LOK |0 040   |a DE-Frei85  |c DE-627  |d DE-Frei85 
LOK |0 852   |a DE-Frei85 
LOK |0 852 1  |m p  |9 00 
LOK |0 938   |k p 
LOK |0 939   |a 03-03-23  |b l01 
ORI |a SA-MARC-krimdoka001.raw